00330nam a22001097a 4500040000900000082001600009100002200025245011000047260004600157300001000203521000700213 cNUST a006.31bMOR aMoroney, Laurence aAI and Machine Learning for Coders:bA Programmer’s Guide to Artificial Intelligence/cLaurence Moroney aUnited States :bO’Reilly Media;c2021. a366p. bHB